| 000 | 00672nam a2200229Ia 4500 | ||
|---|---|---|---|
| 005 | 20260430150230.0 | ||
| 008 | 008 250103s9999 xx 000 0 eng d | ||
| 037 | _aTheses | ||
| 040 | _aCRL | ||
| 040 | _beng | ||
| 040 | _ceng | ||
| 041 | _2eng | ||
| 041 | _aeng | ||
| 084 | _qCRL | ||
| 100 |
_aShilpi Pragya Au.; Parthasarathy Harish Gu.; Upadhyaya D.K. Gu. _91236878 |
||
| 245 | 0 | _aDesign and Analysis of Resonant Devices for Microwave Communication Systems | |
| 260 | _c2021 | ||
| 300 | _a157p. | ||
| 700 | _aUniversity of Delhi. Faculty of Technology. Department of Electronics & Communication Engineering | ||
| 942 | _cTH | ||
| 999 |
_c1849279 _d1849279 |
||